Catálogo

Vista normal Vista MARC

Entrada Personal Name

Número de registros utilizados en: 5

001 - CONTROL NUMBER

  • control field: 3329

003 - CONTROL NUMBER IDENTIFIER

  • control field: DLC

005 - DATE AND TIME OF LATEST TRANSACTION

  • control field: 20250911093812.0

008 - FIXED-LENGTH DATA ELEMENTS

  • fixed length control field: 781212n| azannaabn |b aaa

010 ## - LIBRARY OF CONGRESS CONTROL NUMBER

  • LC control number: n 78093535

035 ## - SYSTEM CONTROL NUMBER

  • System control number: (OCoLC)oca00228634

040 ## - CATALOGING SOURCE

  • Original cataloging agency: DLC
  • Language of cataloging: spa
  • Description conventions: rda
  • Transcribing agency: Mx-PuUPA
  • Modifying agency: DLC-R
  • Modifying agency: ICU
  • Modifying agency: DLC
  • Modifying agency: DLC
  • Modifying agency: OCoLC
  • Modifying agency: DLC
  • Modifying agency: ICU
  • Modifying agency: CoU
  • Modifying agency: Mx-PuUPA

046 ## - SPECIAL CODED DATES

  • Birth date: 19290618

100 1# - HEADING--PERSONAL NAME

  • Personal name: Habermas, Jürgen,
  • Dates associated with a name: 1929-

370 ## - ASSOCIATED PLACE

  • Place of residence/headquarters: Heidelberg (Alemania)
  • Place of residence/headquarters: Fráncfort del Meno (Alemania)
  • Source of term: naf

372 ## - FIELD OF ACTIVITY

  • Field of activity: Filosofía
  • Field of activity: Sociología
  • Source of term: lcsh

373 ## - ASSOCIATED GROUP

  • Associated group: Universidad de Heidelberg
  • Associated group: Universidad de Frankfurt am Main
  • Source of term: naf

374 ## - OCCUPATION

  • Occupation: Filósofo
  • Occupation: Sociólogo
  • Occupation: Profesor universitario
  • Occupation: Autor
  • Source of term: lcsh

375 ## - GENDER

  • Gender: hombre

377 ## - ASSOCIATED LANGUAGE

  • Language code: ger

400 1# - SEE FROM TRACING--PERSONAL NAME

  • Personal name: Habŏmasŭ, Wirŭgen
  • Numeration: 1929-

400 1# - SEE FROM TRACING--PERSONAL NAME

  • Personal name: Habŏmasŭ
  • Dates associated with a name: 1929-

400 1# - SEE FROM TRACING--PERSONAL NAME

  • Personal name: Khabermas, I︠U︡.
  • Fuller form of name: (I︠U︡rgen)
  • Dates associated with a name: 1929-

400 1# - SEE FROM TRACING--PERSONAL NAME

  • Personal name: Khabermas, I︠U︡rgen
  • Dates associated with a name: 1929

400 1# - SEE FROM TRACING--PERSONAL NAME

  • Personal name: Ha-pei-ma-ssu, Yu-erh-ken
  • Dates associated with a name: 1929-

400 1# - SEE FROM TRACING--PERSONAL NAME

  • Personal name: Habeimasi
  • Dates associated with a name: 1929-

400 1# - SEE FROM TRACING--PERSONAL NAME

  • Personal name: הברמאס, יורגן
  • Dates associated with a name: 1929-

400 1# - SEE FROM TRACING--PERSONAL NAME

  • Personal name: יורגן הברמס
  • Dates associated with a name: 1929-

400 1# - SEE FROM TRACING--PERSONAL NAME

  • Personal name: 哈贝马斯
  • Dates associated with a name: 1929-

670 ## - SOURCE DATA FOUND

  • Source citation: His Student und Politik ... 1961.

670 ## - SOURCE DATA FOUND

  • Source citation: Yun, P.J. Pʻukʻo wa Habŏmasŭ rŭl nŏmŏsŏ, 1990:
  • Information found: t.p. (Habŏmasŭ) cover, etc. (Jürgen Habermas; Wirŭgen Habŏmasŭ)

670 ## - SOURCE DATA FOUND

  • Source citation: His Demokratii︠a︡, razum, nravstvennostʹ, 1992:
  • Information found: t.p. (I︠U︡. Khabermas) verso t.p. (Khabermas I︠U︡rgen)

670 ## - SOURCE DATA FOUND

  • Source citation: Li, C.S. Ti san tʻiao lu?:
  • Information found: t.p. (Ha-pei-ma-ssu) p. 380, etc. (Juergen Habermas, Yu-erh-ken Ha-pei-ma-ssu)

670 ## - SOURCE DATA FOUND

  • Source citation: Habeimasi zai Hua jiang yan ji, 2002:
  • Information found: t.p. (Mabeimasi)

670 ## - SOURCE DATA FOUND

  • Source citation: DDB Web OPAC, Nov. 12, 2009
  • Information found: (Habermas, Jürgen, 1929- )

670 ## - SOURCE DATA FOUND

  • Source citation: BnF Web OPAC, Nov. 12, 2009
  • Information found: (Habermas, Jürgen (1929-....); b. June 18, 1929; philosophe et sociologue)

670 ## - SOURCE DATA FOUND

  • Source citation: Morale et communication, 1986:
  • Information found: page 4 of cover (taught philosophy and sociology at the [University of] Heidelberg and Frankfurt)

670 ## - SOURCE DATA FOUND

  • Source citation: Historia y crítica de la opinión pública: La transformación estructural de la vida pública, 2009:
  • Information found: portada (J. Habermas)

670 ## - SOURCE DATA FOUND

  • Source citation: Biblioteca del congreso (Estados Unidos), 24 junio 2019:
  • Information found: catálogo electrónico
  • Uniform Resource Identifier: https://bit.ly/2ROIALT